| 000 | 00392nam a2200109Ia 4500 | ||
|---|---|---|---|
| 008 | 160531s9999 xx 000 0 und d | ||
| 100 | _aPahlavani, Mohammad Reza. | ||
| 245 | _aSelected Topics in Applications of Quantum Mechanics | ||
| 245 | _cby Mohammad Reza Pahlavani (ed.) | ||
| 260 | _c2015 | ||
| 856 | _uhttp://www.intechopen.com/books/selected-topics-in-applications-of-quantum-mechanics | ||
| 999 |
_c295272 _d295272 |
||